000 00753nam a22002657a 4500
008 150623b xxu||||| |||| 00| 0 eng d
020 _a9780077519544
020 _a007751954X
020 _a9780077445775
020 _a0077445775
041 0 _aeng
080 _a658
100 _aKinicki Angelo; Williams, Brian K.;
245 _aManagement:
_cAngelo Kinicki; Brian K. Williams;
250 _a5th Edition
260 _aUSA;
_bMcGraw Hill'
_c2011.
300 _a505 f.:
_bme il.;
_c25 cm.
505 _aName Index: f.I1 - I6
505 _aCompany Index: f. I7 - I12
505 _aGlossary / Subject Index: f. I13 - I35
650 0 _aMenaxhim
650 0 _aUdhëheqje
650 0 _aOrganizim
942 _2udc
_cBK
999 _c1069
_d1069